[Event "ISR-ch"]
[Site "Jerusalem"]
[Date "1996.??.??"]
[Round "7"]
[White "Maryasin, Boris"]
[Black "Zalkind, Karmi"]
[Result "1-0"]
[WhiteElo "2400"]
[BlackElo "2315"]

1.e4 c5 2.Nf3 Nc6 3.d4 cxd4 4.Nxd4 Qc7 5.Nc3 e6 6.Be3 a6 7.Bd3 Nf6 8.O-O h5
9.Nxc6 Ng4 10.e5 bxc6 11.Bf4 Nxe5 12.Re1 Bd6 13.Ne4 Be7 14.Qe2 f6 15.c4 c5
16.Ng3 h4 17.Bxe5 Qxe5 18.Qf3 Qb8 19.Nh5 Kf7 20.Bg6+ Kf8 21.Qg4 Ra7 22.b3 Rh6
23.Rad1 Qb6 24.f4 Bd8 25.Bf7 g6 26.Bxg6 d6 27.f5 e5 28.Nf4 Rg7 29.Qf3 Be7
30.Qa8 Qd8 31.Rxd6 Bxd6 32.Ne6+ Ke7 33.Nxd8 Kxd8 34.Rd1 Rd7 35.Qc6 Bb7 36.Qb6+ Ke7
37.Rxd6  1-0

[Event "IND-ch"]
[Site "Kasaragod"]
[Date "1996.??.??"]
[Round "13"]
[White "Ramesh, RB."]
[Black "Shetty, Rahul"]
[Result "1-0"]
[WhiteElo "2415"]
[BlackElo "2390"]

1.e4 c5 2.Nf3 Nc6 3.d4 cxd4 4.Nxd4 Qc7 5.Nc3 e6 6.Be3 a6 7.f4 b5 8.Bd3 Bb7
9.Qf3 Nf6 10.Nb3 d6 11.O-O Be7 12.Qh3 Nb4 13.a3 Nxd3 14.cxd3 Rc8 15.Qg3 O-O
16.f5 exf5 17.Rxf5 Kh8 18.Raf1 Qd8 19.Bd4 Bc6 20.Na5 Qxa5 21.Rxf6 Bxf6 22.Rxf6 Qc7
23.Ne2 Rce8 24.Nf4 Re5 25.Bxe5 dxe5 26.Ne6 Qa7+ 27.Qf2 Qe7 28.Nxg7 Bxe4 29.dxe4 Kxg7
30.Rxa6 Rd8 31.h3 Rd6 32.Ra5 Rf6 33.Qe2 Qc5+ 34.Kh2 Qc1 35.Rxb5 Rf1 36.Qg4+ Kf8
37.Rb8+ Ke7 38.Qh4+ Ke6 39.Re8+  1-0

[Event "JUG-ch sf"]
[Site "Kladovo"]
[Date "1996.??.??"]
[Round "?"]
[White "Savanovic, Aleksandar"]
[Black "Knezevic, Bojan"]
[Result "1/2-1/2"]
[WhiteElo "2455"]
[BlackElo "2380"]

1.e4 c5 2.Nf3 Nc6 3.d4 cxd4 4.Nxd4 Qc7 5.Nc3 e6 6.Be2 a6 7.O-O Nf6 8.Kh1 Nxd4
9.Qxd4 Bc5 10.Qd3 b5 11.f4 Bb7 12.Bf3 O-O 13.e5 Ne8 14.Bxb7 Qxb7 15.Ne4 Be7
16.f5 f6 17.exf6 Nxf6 18.Nxf6+ Bxf6 19.fxe6 dxe6 20.c3  1/2-1/2

[Event "SLO-ch U20"]
[Site "Kranj"]
[Date "1996.??.??"]
[Round "2"]
[White "Breznik, Kristijan"]
[Black "Sostaric, Marko"]
[Result "1-0"]
[WhiteElo "2105"]
[BlackElo "2165"]

1.e4 c5 2.Nf3 Nc6 3.d4 cxd4 4.Nxd4 Qc7 5.Nc3 e6 6.Be3 a6 7.a4 Nf6 8.Bd3 Nxd4
9.Bxd4 e5 10.Be3 h6 11.O-O Bc5 12.Bd2 O-O 13.Kh1 d6 14.Qf3 Qe7 15.Rae1 Be6
16.h3 Rac8 17.Qe2 Nd7 18.Qh5 Bd4 19.f4 Nf6 20.Qe2 Qc7 21.Rf3 Bc4 22.Ref1 Bxd3
23.cxd3 Bxc3 24.Bxc3 Nh5 25.fxe5 dxe5 26.Qf2 Nf4 27.Rg3 Qd6 28.Qd2  1-0

[Event "SLO-ch U18"]
[Site "Kranj"]
[Date "1996.??.??"]
[Round "5"]
[White "Jansa, Andrej"]
[Black "Zeljko, T."]
[Result "1/2-1/2"]
[WhiteElo "1935"]
[BlackElo "1950"]

1.e4 c5 2.Nf3 Nc6 3.d4 cxd4 4.Nxd4 Qc7 5.Nc3 e6 6.Ndb5 Qb8 7.Be3 Nf6 8.Qd2 a6
9.Nd4 Bb4 10.f3 d5 11.exd5 Nxd5 12.Bc4 Nxe3 13.Qxe3 Qa7 14.O-O-O Bc5 15.Nce2 e5
16.f4 O-O 17.fxe5 b5 18.Bd5 Bb7 19.Bxc6 Bxc6 20.Qg3 Be4 21.Qg4 Bg6 22.h4 Qb7
23.h5 Qe4 24.Qf3 Bxd4 25.Nxd4 Rad8 26.hxg6 Rxd4 27.gxf7+ Rxf7 28.Qxe4 Rxe4
29.Rd8+ Rf8 30.Rxf8+ Kxf8 31.Rxh7 Rxe5 32.Rh8+ Ke7 33.Kd2 Rg5 34.Rh2 Rg3
35.Ke2 Kd6 36.Kf2 Rg5 37.Rh3 Rc5 38.Rc3 Rxc3 39.bxc3 Kd5 40.Ke3 Ke5 41.Ke2 Ke6
42.Kf3 Kd5 43.Ke3 Kc4 44.Kd2 g5 45.g3 a5 46.g4 Kc5 47.Kd3 Kd5 48.Ke3 Kc5
49.Kd3 Kd5  1/2-1/2

[Event "SLO-ch U18"]
[Site "Kranj"]
[Date "1996.??.??"]
[Round "6"]
[White "Podkriznik, Gregor"]
[Black "Zeljko, T."]
[Result "1/2-1/2"]
[WhiteElo "2210"]
[BlackElo "1950"]

1.e4 c5 2.Nf3 Nc6 3.d4 cxd4 4.Nxd4 Qc7 5.Nc3 e6 6.Be3 a6 7.Bd3 Nf6 8.O-O Ne5
9.Be2 b5 10.f4 Nc4 11.Bxc4 Qxc4 12.e5 Nd5 13.Nxd5 Qxd5 14.Qe2 Bb7 15.Rad1 Rc8
16.c3 Qc4 17.Qf2 g6 18.Nb3 Bd5 19.Rd4 Qc7 20.f5 Qxe5 21.fxg6 hxg6 22.Qxf7+ Kd8
23.Bf4 Qh5 24.Na5 Be7 25.Rfd1 Rc7 26.Rxd5 exd5 27.Qxd5 Qxd5 28.Bxc7+ Kxc7
29.Rxd5 Bd6 30.g3 Rf8 31.Nb3 Rf6 32.Nd4 Bf8 33.Kg2 Bh6 34.Re5 Bc1 35.Re2 Kd6
36.h4 Kd5 37.Nf3 Re6 38.Rc2 Be3 39.Ne1 Bh6 40.Nd3 Kc4 41.Nf4 Bxf4 42.gxf4 Kd3
43.Rf2 Ke4 44.a4 Kf5 45.axb5 axb5 46.Kf3 Re4 47.Rd2 Rxf4+ 48.Kg3 Rg4+ 49.Kh3 Re4
50.Rd5+ Re5 51.Rxe5+ Kxe5 52.Kg4 Kf6 53.Kf4 d5 54.b3 Ke6  1/2-1/2

[Event "Kuala Lumpur schev"]
[Site "Kuala Lumpur"]
[Date "1996.??.??"]
[Round "9"]
[White "Mas, Hafizulhelmi"]
[Black "Mithrakanth, Poorna Sharma"]
[Result "0-1"]
[WhiteElo "2290"]
[BlackElo "2360"]

1.e4 c5 2.Nf3 Nc6 3.d4 cxd4 4.Nxd4 Qc7 5.Nc3 e6 6.Be3 a6 7.a4 Nf6 8.Bd3 Ne5
9.O-O Neg4 10.g3 Nxe3 11.fxe3 h5 12.Qf3 Bd6 13.Rf2 Be5 14.a5 d6 15.Nce2 Bd7
16.c4 Qc5 17.Rff1 g5 18.Rfb1 Ke7 19.b4 Qa7 20.Ra2 g4 21.Qg2 h4 22.Kf2 Rh6
23.Rh1 Rah8 24.Raa1 R8h7 25.Rac1 Qb8 26.c5 dxc5 27.bxc5 Qh8 28.Kg1 hxg3 29.Nxg3 Rh3
30.Nde2 Bc6 31.Nf4 R3h6 32.Rd1 Nd7 33.Rc1 Bxf4 34.exf4 Qd4+  0-1

[Event "Kuala Lumpur schev"]
[Site "Kuala Lumpur"]
[Date "1996.??.??"]
[Round "11"]
[White "Mok Tze Meng"]
[Black "Mithrakanth, Poorna Sharma"]
[Result "0-1"]
[WhiteElo "2240"]
[BlackElo "2360"]

1.e4 c5 2.Nf3 Nc6 3.d4 cxd4 4.Nxd4 Qc7 5.Nc3 e6 6.g3 a6 7.Bg2 Nf6 8.O-O Bc5
9.Nb3 Ba7 10.Bf4 Ne5 11.Qe2 d6 12.Rad1 h6 13.h3 b5 14.Nd4 Bd7 15.Nf3 g5 16.Bc1 b4
17.Nxe5 dxe5 18.Nb1 Bb5 19.Qf3 Ke7 20.Rfe1 Qxc2 21.a3 a5 22.axb4 axb4 23.b3 Rhd8
24.Bd2 Rd4 25.Rc1 Rxd2 26.Nxd2 Qxd2 27.Red1 Qb2 28.Rc7+ Bd7 29.Bf1 Bd4 30.Bb5 Kd6
31.Rb7 Ke7 32.Bxd7 Nxd7 33.Rxb4 Ra2 34.Rf1 Qc3 35.Qxc3 Bxc3 36.Rb7 Bd4 37.b4 Kd6
38.b5 Rc2 39.Kg2 h5 40.g4 h4 41.Kh1 Bxf2 42.Ra1 Nc5 43.Rxf7 Bd4 44.Ra8 Rc1+
45.Kg2 Nd3 46.Rd8+ Kc5 47.Rc7+ Kxb5 48.Rb8+ Ka6 49.Rxc1 Nxc1 50.Rg8 Be3 51.Kf3 Bf4
52.Rb8 Nd3 53.Rb3 Nc5 54.Rb1 Ka7 55.Rb4 Nb7 56.Ke2 Kb8 57.Rb6 Kc7 58.Rb2 Nc5
59.Kf3 Kc6 60.Rb8 Kd6 61.Rb6+ Ke7 62.Rc6 Nb3 63.Rc3 Nd2+  0-1

[Event "La Coruna op"]
[Site "La Coruna"]
[Date "1996.??.??"]
[Round "?"]
[White "Paredes Galan, A."]
[Black "Pogorelov, Ruslan"]
[Result "0-1"]
[WhiteElo "2205"]
[BlackElo "2450"]

1.e4 c5 2.Nf3 Nc6 3.d4 cxd4 4.Nxd4 Qc7 5.Nc3 e6 6.Be3 a6 7.Bd3 Nf6 8.O-O Bd6
9.Kh1 Bf4 10.Bxf4 Qxf4 11.Qf3 Qxf3 12.Nxf3 d6 13.Rfe1 Nd7 14.Rad1 Ke7 15.Bf1 Rd8
16.Rd2 b5 17.g3 Bb7 18.Bg2 Nde5 19.Nd1 Rac8 20.c3 Nxf3 21.Bxf3 Ne5 22.Bg2 a5
23.Kg1 b4 24.Rd4 Ba6 25.Ne3 bxc3 26.bxc3 Rxc3 27.Ra4 Rc5 28.Rb1 Rdc8 29.h4 Rc1+
30.Rxc1 Rxc1+ 31.Kh2 Nc6 32.g4 Bb5 33.Ra3 a4 34.Bf3 Rb1 35.Nd1 Nd4 36.Nc3 Nxf3+
37.Kg3 Nd2 38.Nxb1 Nxb1 39.Re3 Bc4  0-1

[Event "La Coruna op"]
[Site "La Coruna"]
[Date "1996.??.??"]
[Round "?"]
[White "Prada, Fernando"]
[Black "Pogorelov, Ruslan"]
[Result "0-1"]
[WhiteElo "2195"]
[BlackElo "2450"]

1.e4 c5 2.Nf3 Nc6 3.d4 cxd4 4.Nxd4 Qc7 5.Nc3 e6 6.g3 d6 7.Bg2 Nf6 8.O-O Be7
9.Ndb5 Qb8 10.Bg5 a6 11.Bxf6 gxf6 12.Nd4 h5 13.Nce2 h4 14.Nxc6 bxc6 15.b3 Bd7
16.c4 Ra7 17.Nc3 Qb4 18.Rc1 Qa5 19.Qg4 hxg3 20.hxg3 Qg5 21.Qxg5 fxg5 22.c5 d5
23.Na4 Rc7 24.Rfd1 O-O 25.Nb6 Rb8 26.b4 Be8 27.a4 a5 28.bxa5 Ra7 29.exd5 exd5
30.Re1 Kf8 31.Bh3 Rxa5 32.Nd7+ Bxd7 33.Bxd7 Ra6 34.Re3 Rd8 35.Bf5 Rxa4 36.Rb3 Rc4
37.Rxc4 dxc4 38.Rc3 Rd4  0-1

[Event "Las Palmas op"]
[Site "Las Palmas"]
[Date "1996.??.??"]
[Round "8"]
[White "Menvielle Lacourrelle, Augusto"]
[Black "Pogorelov, Ruslan"]
[Result "1-0"]
[WhiteElo "2285"]
[BlackElo "2450"]

1.e4 c5 2.Nf3 Nc6 3.d4 cxd4 4.Nxd4 Qc7 5.Nb5 Qb8 6.c4 Nf6 7.N1c3 e6 8.f4 a6
9.Nd4 Bb4 10.e5 Ne4 11.Qd3 Nxc3 12.bxc3 Be7 13.Be3 d6 14.Nxc6 bxc6 15.Bd4 O-O
16.Rb1 Qc7 17.Bb6 Qd7 18.Be2 Rb8 19.c5 dxe5 20.Qxd7 Bxd7 21.Rd1 Bc8 22.fxe5 f6
23.O-O fxe5 24.Bf3 Bb7 25.Rd7 Bf6 26.Be4 Bg5 27.Rf3 a5 28.h4 Bxh4 29.Rxf8+ Kxf8
30.Ba7 Bc8 31.Rc7 Ra8 32.Bxc6 Bd8 33.Bxa8 Bxc7 34.Bb6 Bb8 35.c6 Bd6 36.c4 Ba6
37.c5 Bb8 38.c7 Bxc7 39.Bxc7 Bc4 40.c6 Ke7 41.Bxe5 Kd8 42.Bb7  1-0

[Event "Leiner op"]
[Site "Leiner"]
[Date "1996.??.??"]
[Round "8"]
[White "Groszpeter, Attila"]
[Black "Horvath, J."]
[Result "1/2-1/2"]
[WhiteElo "2565"]
[BlackElo "2505"]

1.e4 c5 2.Nf3 Nc6 3.d4 cxd4 4.Nxd4 Qc7 5.Nc3 e6 6.Be3 a6 7.Bd3 Nf6 8.O-O Ne5
9.h3 Bc5 10.Kh1 d6 11.f4 Ng6 12.Qf3  1/2-1/2

[Event "Anibal op 3rd"]
[Site "Linares"]
[Date "1996.??.??"]
[Round "?"]
[White "Korneev, Oleg"]
[Black "Anastasian, Ashot"]
[Result "1-0"]
[WhiteElo "2590"]
[BlackElo "2520"]

1.e4 c5 2.Nf3 Nc6 3.d4 cxd4 4.Nxd4 Qb6 5.Nb3 Nf6 6.Nc3 e6 7.Qe2 a6 8.g4 h6
9.Bg2 d6 10.f4 Be7 11.Be3 Qc7 12.O-O-O g6 13.Kb1 b5 14.e5 dxe5 15.fxe5 Nd7
16.Ne4 Ncxe5 17.Bf4 Ra7 18.Rhf1 Qb6 19.Rxd7 Nxd7 20.Be3 Qc7 21.Qf2 Rb7 22.Qxf7+ Kd8
23.Nd4 Rb6 24.Nxe6+ Rxe6 25.Qxe6 Qxh2 26.Rd1  1-0

[Event "Ljubljana op"]
[Site "Ljubljana"]
[Date "1996.??.??"]
[Round "8"]
[White "Marinsek, Tomaz"]
[Black "Tratar, Marko"]
[Result "1/2-1/2"]
[WhiteElo "2200"]
[BlackElo "2405"]

1.e4 c5 2.Nf3 Nc6 3.d4 cxd4 4.Nxd4 Qb6 5.Nb3 Nf6 6.Nc3 e6 7.Be3 Qc7 8.a3 a6
9.Be2 Be7 10.f4 d6 11.Bf3 O-O 12.O-O Rb8 13.Qe1 Re8 14.Qg3 Nd7 15.f5 Bf6
16.Bh5 Rf8 17.Bxf7+ Kxf7 18.fxe6+ Kxe6 19.Qh3+ Kf7 20.Qxh7 Ne7 21.Bd4 Ke8
22.Bxf6 gxf6 23.Rad1 b5 24.Nd4 Qc5 25.Kh1 Ne5 26.Qh5+ N7g6 27.Nf5 Bxf5 28.Rxf5 Rf7
29.Nd5 Kd7 30.Nxf6+ Kc8 31.Nd5 Rd7 32.b4 Qc6 33.Rf6 Qxc2 34.Re1 Kb7 35.Rxg6 Nxg6
36.Qxg6 Rf8 37.h3 Qf2 38.Rc1 Qf7 39.Qg3 Qf2 40.Qc3 Rfd8 41.Qc6+ Ka7 42.Qc3 Rg8
43.Rg1 Rf7 44.Ne3 Qf6 45.Qd2 Qe5 46.Nf5 Rd7 47.Qc2 Rgd8 48.Rc1 d5 49.Qc5+ Kb7
50.Qc6+ Ka7 51.Qc5+ Kb7 52.Nd4 Qd6 53.Nc6 Qxc5 54.Nxd8+ Rxd8 55.Rxc5 dxe4
56.Re5 Rd4 57.Re6 Kc7 58.Kg1 Kd7 59.Rxa6 e3 60.Kf1 Rd2 61.Rg6 Ra2 62.Rg3 Rxa3
63.Ke2 Rb3 64.Rg4 Ke6 65.g3 Kf5 66.Rf4+ Kg5 67.h4+ Kh6 68.g4 Kg6 69.Rd4 Kf6
70.Re4 Rc3 71.Rxe3 Rc4 72.Kf3 Rxb4 73.h5 Rb1 74.Kf4 b4 75.g5+ Kf7 76.Rg3 Rf1+
77.Ke5 Rh1 78.Kf5  1/2-1/2

[Event "Makarska"]
[Site "Makarska"]
[Date "1996.??.??"]
[Round "11"]
[White "Palac, Mladen"]
[Black "Rogic, Davor"]
[Result "1/2-1/2"]
[WhiteElo "2545"]
[BlackElo "2445"]

1.e4 c5 2.Nf3 Nc6 3.d4 cxd4 4.Nxd4 Qb6 5.Nb3 Nf6 6.Nc3 e6 7.Bd3 a6 8.O-O d6
9.Kh1 Be7 10.Qe2 Qc7 11.Bg5 b5 12.f4 Bb7 13.Rae1 b4 14.Nd1 O-O 15.Ne3 Rfe8
16.Rf3 a5 17.Rh3 g6 18.Ng4 Nxg4 19.Qxg4 Bxg5 20.Qxg5 Qe7 21.Qh6 f6 22.Qh4  1/2-1/2

[Event "Meisdorf op"]
[Site "Meisdorf"]
[Date "1996.??.??"]
[Round "?"]
[White "Enders, Peter"]
[Black "Lazarev, Vladimir"]
[Result "1/2-1/2"]
[WhiteElo "2495"]
[BlackElo "2445"]

1.e4 c5 2.Nf3 Nc6 3.d4 cxd4 4.Nxd4 Qb6 5.Nb3 Nf6 6.Nc3 e6 7.a3 a6 8.Bf4 Ne7
9.Be3 Qc7 10.Bd3 d5 11.O-O dxe4 12.Nxe4 Ned5 13.Nxf6+ Nxf6 14.Qf3 Be7 15.Bd4 O-O
16.Rae1 Bd7 17.Re3 Rfd8 18.Be5 Qb6 19.Rfe1 Rac8 20.Qf4 h6 21.Rg3 Kf8 22.Rxg7 Kxg7
23.Nd2 Rc5 24.Nc4 Rxe5 25.Rxe5 Qc6 26.Re3 Rh8 27.h3 b5 28.Ne5 Qd6 29.c4 Be8
30.b4 bxc4 31.Bxc4 Bb5 32.Bb3 Be8 33.Rc3 Qd8 34.Rd3 Qa8 35.Qd4 Qe4 36.Qa1 h5
37.Re3 Qa8 38.Rg3+ Kf8 39.Rf3 Rh6 40.Qc1 Ng8 41.Qe3 Qc8 42.Qd4 Qd8 43.Rxf7+ Bxf7
44.Nd7+ Ke8 45.Ba4 Qc7 46.Ne5+ Kf8 47.Nd7+ Ke8 48.Nf6+  1/2-1/2

[Event "Wch U16"]
[Site "Menorca"]
[Date "1996.??.??"]
[Round "9"]
[White "Smetankin, Stanislav"]
[Black "Halkias, Stelios"]
[Result "0-1"]
[WhiteElo "2385"]
[BlackElo "2330"]

1.e4 c5 2.Nf3 Nc6 3.d4 cxd4 4.Nxd4 Qc7 5.Nc3 e6 6.Nb3 a6 7.a4 Nf6 8.g3 b6
9.Bg2 Rb8 10.O-O Be7 11.f4 d6 12.Kh1 O-O 13.g4 d5 14.e5 Nd7 15.Qe2 Bb7 16.Be3 Na5
17.Rae1 Nc4 18.Bd4 Nxb2 19.f5 Bh4 20.Rb1 Nc4 21.g5 Bxg5 22.fxe6 fxe6 23.Qg4 h6
24.Qxe6+ Kh8 25.Nxd5 Bxd5 26.Bxd5 Ncxe5 27.Rxf8+ Rxf8 28.Re1 Bf6 29.Rf1 Qxc2
30.Ba1 Qd3 31.Bg2 Nc4 32.Nc1 Qc2 33.Be4 Nc5 34.Bxf6 Qxe4+ 35.Qxe4 Nxe4 36.Rf4 Rxf6  0-1

[Event "Wch U16 Girls"]
[Site "Menorca"]
[Date "1996.??.??"]
[Round "10"]
[White "Krivec, Jana"]
[Black "Zarkovic, Danijela"]
[Result "1-0"]
[WhiteElo "2045"]
[BlackElo "2120"]

1.e4 c5 2.Nf3 Nc6 3.d4 cxd4 4.Nxd4 Qc7 5.Nc3 e6 6.g3 a6 7.Bg2 Nf6 8.O-O Be7
9.Re1 d6 10.Nxc6 bxc6 11.e5 dxe5 12.Rxe5 O-O 13.Bf4 Bd6 14.Rxe6 Bxe6 15.Bxd6 Qb6
16.Bxf8 Rxf8 17.b3 h6 18.Na4 Qc7 19.c4 c5 20.Qc2 Qe5 21.Rd1 Bf5 22.Qc3 Qe2
23.Bf3 Qe7 24.Qe3 Qxe3 25.fxe3 Re8 26.Nxc5 Rxe3 27.Rd8+ Kh7 28.Kf2 Rc3 29.Rd2 a5
30.Na4 Rc1 31.Ke3 Bd7 32.Nb6 Be6 33.Nd5 Nd7 34.Nf4 Nc5 35.Kd4 Nd7 36.Be4+ Kg8
37.Ke3 Re1+ 38.Kf2 Rxe4 39.Nxe6 Rxe6 40.Rxd7 a4 41.Rd8+ Kh7 42.b4 Re4 43.Rc8 Kg6
44.b5 f5 45.b6  1-0

[Event "Wch U12"]
[Site "Menorca"]
[Date "1996.??.??"]
[Round "10"]
[White "Alcazar Jimenez, Jesus"]
[Black "Perunovic, Milos"]
[Result "0-1"]
[WhiteElo "2040"]
[BlackElo "2115"]

1.e4 c5 2.Nf3 Nc6 3.d4 cxd4 4.Nxd4 Qc7 5.Nb5 Qb8 6.c4 Nf6 7.N1c3 a6 8.Na3 e6
9.Nc2 b5 10.cxb5 axb5 11.Bxb5 Nxe4 12.Qe2 Nxc3 13.bxc3 Bd6 14.h3 O-O 15.O-O Qc7
16.Bb2 Bb7 17.c4 Ne5 18.Rfd1 Ng6 19.Ne3 Rad8 20.a4 f5 21.Ba3 Bh2+ 22.Kf1 Rf7
23.f3 Nh4 24.Qf2 Bg3 25.Qd2 Nxf3 26.gxf3 Qf4 27.Ng2 Qxf3+ 28.Kg1 Qh5 29.Bd6 e5
30.Ra3 f4 31.c5 Qxh3 32.c6 Qh2+ 33.Kf1 dxc6 34.Nh4 Qh1+ 35.Ke2 Qxh4 36.Bc4 Qh2+
37.Kf3 c5+ 38.Bd5 Qxd2 39.Rxd2 Rxd6  0-1

[Event "Wch U18"]
[Site "Menorca"]
[Date "1996.??.??"]
[Round "10"]
[White "Kalod, Radek"]
[Black "Chibukhchian, Artur"]
[Result "0-1"]
[WhiteElo "2380"]
[BlackElo "2310"]

1.e4 c5 2.Nf3 Nc6 3.d4 cxd4 4.Nxd4 Qc7 5.Nc3 e6 6.Be3 a6 7.Bd3 Nf6 8.O-O Ne5
9.h3 d6 10.f4 Ned7 11.Qf3 b5 12.Rae1 Bb7 13.a3 Nc5 14.f5 e5 15.Nde2 Be7 16.b4 Nxd3
17.cxd3 O-O 18.Rc1 Qd7 19.d4 exd4 20.Nxd4 Rfe8 21.Rfe1 Bd8 22.Bf2 Rc8 23.Rcd1 Re5
24.Bg3 Bb6 25.Kh2 Qe7 26.Nb3 Nxe4 27.Nxe4 Rxe4 28.Bxd6 Bc7 29.Bxc7 Qxc7+
30.Qg3 Qxg3+ 31.Kxg3 Rc3+ 32.Kh2 Kf8 33.Rxe4 Bxe4 34.Nc5 Bxf5 35.Nxa6 Rxa3
36.Nc7 Bd3 37.Re1 g6 38.Re8+ Kg7 39.Rb8 Rb3 40.Ne8+ Kh6 41.Nd6 f6 42.Rb7 Rxb4
43.g4 Kg5 44.Kg3 f5 45.Nf7+ Kf6 46.g5+ Ke6 47.Nd8+ Kd6 48.Rxh7 Be4 49.Nb7+ Ke5
50.Nc5 f4+ 51.Kf2 Rb2+ 52.Ke1 Bf5 53.Nd7+ Kd4 54.Nf6 f3 55.Ng4 Bxg4 56.hxg4 Ke3
57.Re7+ Kf4 58.Rf7+ Kg3 59.Rf6 Rb1+ 60.Kd2 f2  0-1

[Event "Metz op"]
[Site "Metz"]
[Date "1996.??.??"]
[Round "?"]
[White "Mauvary, Etienne"]
[Black "Kogan, Artur"]
[Result "0-1"]
[WhiteElo "2225"]
[BlackElo "2485"]

1.e4 c5 2.Nf3 Nc6 3.d4 cxd4 4.Nxd4 Qc7 5.Nc3 e6 6.Be2 a6 7.O-O Nf6 8.Be3 Bb4
9.Bf3 Ne5 10.Nb1 b5 11.c3 Bd6 12.h3 Bb7 13.Nd2 Nxf3+ 14.Qxf3 Be5 15.Rfe1 O-O
16.N4b3 Nxe4 17.Nxe4 f5 18.Nbc5 Bd5 19.Bd4 fxe4 20.Bxe5 Qxc5 21.Qg3 Rf7 22.a4 Rc8
23.axb5 Qxb5 24.b4 Qb7 25.Re3 Rcf8 26.Bd6 Re8 27.Be5 Bc4 28.Bd6 Rf6 29.Ra5 Bb5
30.h4 Qd5 31.Ra1 e5 32.Bc5 d6 33.Bb6 Qc6 34.Ba5 Ref8 35.Rae1 Rxf2 36.Qxf2 Rxf2
37.Kxf2 d5 38.Bd8 Bd3  0-1

[Event "Moscow GM2"]
[Site "Moscow"]
[Date "1996.??.??"]
[Round "?"]
[White "Guliev, Logman"]
[Black "Pogorelov, Ruslan"]
[Result "0-1"]
[WhiteElo "2350"]
[BlackElo "2440"]

1.e4 c5 2.Nf3 Nc6 3.d4 cxd4 4.Nxd4 Qc7 5.Nc3 e6 6.g3 a6 7.Bg2 Nf6 8.O-O Bc5
9.Nb3 Ba7 10.Bg5 h6 11.Bxf6 gxf6 12.Qg4 Kf8 13.Rad1 h5 14.Qf3 Kg7 15.h4 Ne5
16.Qf4 b5 17.Nd4 Bb7 18.Nce2 Rac8 19.b3 Nc6 20.Nxc6 Qxf4 21.Nxf4 Bxc6 22.Bf3 Bb8
23.Nxh5+ Kg6 24.g4 b4 25.Be2 Bxe4 26.Bxa6 Rxc2 27.f3 Bf5 28.Rxd7 Rxa2 29.Bc4 Rxh5
30.gxh5+ Kxh5 31.Rxf7 Ba7+ 32.Kh1 Bh3 33.Rh7+ Kg6 34.Bd3+ f5 35.Rxa7 Rxa7
36.Re1 Kh5 37.Rxe6 Kxh4 38.Rg6 Ra1+ 39.Kh2 Ra2+ 40.Kg1 Rd2 41.Bf1 Bxf1 42.Kxf1 Rb2
43.Rg8 Rxb3 44.Kf2 Rc3 45.f4 b3 46.Kg2 Rc1 47.Rb8 Rc2+ 48.Kf3 Rc3+ 49.Ke2 Kg3
50.Rb4 Rf3 51.Ke1 Re3+ 52.Kd2 Kf3 53.Rc4 Re2+ 54.Kd3 Re4 55.Rc3 Re3+  0-1

[Event "Moscow-ch"]
[Site "Moscow"]
[Date "1996.??.??"]
[Round "7"]
[White "Kochetov, Dmitri A"]
[Black "Monakhov, SS."]
[Result "1-0"]
[WhiteElo "2100"]
[BlackElo "2325"]

1.e4 c5 2.Nf3 Nc6 3.d4 cxd4 4.Nxd4 Qc7 5.Nc3 e6 6.Be3 a6 7.Qd2 Nf6 8.f3 b5
9.Nxc6 Qxc6 10.e5 b4 11.exf6 bxc3 12.Qd4 cxb2 13.Rb1 gxf6 14.Rxb2 e5 15.Qb6 Qe6
16.c4 Bd6 17.Rd2 Be7 18.c5 Qxb6 19.cxb6 Bb4 20.Bd3 d5 21.Ke2 Bxd2 22.Bxd2 Bb7
23.Bb4 e4 24.fxe4 dxe4 25.Bc2 Rc8 26.Ba4+ Rc6 27.Rd1 Rg8 28.Rd6 Rxg2+ 29.Kd1 Rc2
30.Bxc2 Rxd6+ 31.Bxd6 Kd7 32.Bf4 f5 33.Ba4+ Ke7 34.Kd2 f6 35.Ke3 Ke6 36.a3 h5
37.Kd4 e3 38.Kxe3 Kd5 39.Bd7 Kc5 40.Bc7 Kc4 41.Bxf5 Kb3 42.Bd6 Ka4 43.Be4 Bxe4
44.Kxe4 f5+ 45.Kxf5  1-0

[Event "JUG-chT"]
[Site "Niksic"]
[Date "1996.??.??"]
[Round "?"]
[White "Mitrovic, Petar"]
[Black "Horvath, Jozsef"]
[Result "1-0"]
[WhiteElo "2385"]
[BlackElo "2515"]

1.e4 c5 2.Nf3 Nc6 3.d4 cxd4 4.Nxd4 Qc7 5.Nc3 e6 6.f4 a6 7.Nb3 b5 8.Be3 d6
9.Qf3 Nf6 10.Bd3 Bb7 11.O-O-O Be7 12.Rhf1 Nb4 13.Kb1 d5 14.e5 d4 15.Ne4 dxe3
16.exf6 gxf6 17.f5 exf5 18.Qxf5 e2 19.Nxf6+ Bxf6 20.Bxe2 Be5 21.Rd7 Qxc2+
22.Qxc2 Nxc2 23.Rxb7 Ne3 24.Rf3 Nd5 25.Rfxf7 h5 26.Bd3 Rh6 27.Be4 Rd8 28.Nc5 Rc6
29.Bxd5 Rxd5 30.Rbe7+ Kd8 31.Ne6+ Rxe6 32.Rxe6 a5 33.Rf5  1-0

[Event "JUG-chT"]
[Site "Niksic"]
[Date "1996.??.??"]
[Round "?"]
[White "Perovic, Dragan"]
[Black "Vojinovic, Goran"]
[Result "1/2-1/2"]
[WhiteElo "2390"]
[BlackElo "2420"]

1.e4 c5 2.Nf3 Nc6 3.d4 cxd4 4.Nxd4 Qc7 5.Nc3 e6 6.Be3 a6 7.Bd3 Nf6 8.O-O Nxd4
9.Bxd4 Bc5 10.Bxc5 Qxc5 11.Na4 Qc7 12.c4 d6 13.Rc1 O-O 14.Kh1 e5 15.Nc3 Be6
16.Qd2 Rac8 17.Rfd1 h6 18.Bf1 Rfd8 19.f3 Kf8 20.g3 Qa5 21.b3 b5 22.cxb5 axb5
23.Nb1 Qxd2 24.Nxd2 b4 25.Nc4 Ke7 26.Kg1 Rc7 27.Ne3 Rxc1 28.Rxc1 d5 29.exd5 Nxd5
30.Nxd5+ Rxd5 31.Rc2 Rd4 32.Kf2 g5 33.Be2 Kd6 34.g4 f5 35.gxf5 Bxf5 36.Rc1 Rd2
37.Ke3 Rd4 38.Rg1 Bg6 39.Rc1 Bf5 40.Rg1 Be6 41.Bd3 Rh4 42.Rg2 Rh3 43.Rd2 Ke7
44.Bf1 Rh4 45.Rc2 Bd5 46.Rd2 Ke6 47.Ba6 Bc6 48.Rc2 Kd6 49.Rd2+ Kc7 50.Bd3 g4
51.Rc2 Kd6 52.Rc4 Rxh2 53.Rxg4 Rxa2 54.Rxb4 Rh2 55.Rg4 Rb2 56.b4 Rb3 57.Rg6+ Kc7
58.Rg7+ Kd6 59.Rg6+ Kc7 60.Rg7+ Kd6  1/2-1/2

[Event "JUG-chT"]
[Site "Niksic"]
[Date "1996.??.??"]
[Round "?"]
[White "Gavric, Miladin"]
[Black "Knezevic, Bojan"]
[Result "1/2-1/2"]
[WhiteElo "2330"]
[BlackElo "2380"]

1.e4 c5 2.Nf3 Nc6 3.d4 cxd4 4.Nxd4 Qb6 5.Nb3 Nf6 6.Nc3 e6 7.Bd3 a6 8.O-O Be7
9.Kh1 Qc7 10.f4 d6 11.Bd2 b5 12.a4 b4 13.Ne2 O-O 14.Ng3 Bb7 15.c3 bxc3 16.Bxc3 g6
17.Rc1 Qb6 18.a5 Qa7 19.Qe1  1/2-1/2

[Event "JUG-ch op"]
[Site "Nis"]
[Date "1996.??.??"]
[Round "3"]
[White "Gaponenko, Inna"]
[Black "Cabrilo, Goran"]
[Result "1/2-1/2"]
[WhiteElo "2390"]
[BlackElo "2490"]

1.e4 c5 2.Nf3 Nc6 3.d4 cxd4 4.Nxd4 Qb6 5.Nb3 Nf6 6.Nc3 e6 7.Bd3 d6 8.f4 Be7
9.Qf3 a6 10.a4 Qc7 11.a5 b5 12.axb6 Qxb6 13.Be3 Qc7 14.O-O Bb7 15.Ra4 O-O
16.Qe2 a5 17.Rfa1 Rfb8 18.Bf2 Nd7 19.Nb5  1/2-1/2

[Event "JUG-ch op"]
[Site "Nis"]
[Date "1996.??.??"]
[Round "7"]
[White "Simic, Dragisa"]
[Black "Knezevic, Bojan"]
[Result "0-1"]
[WhiteElo "2175"]
[BlackElo "2380"]

1.e4 c5 2.Nf3 Nc6 3.d4 cxd4 4.Nxd4 Qb6 5.Nb3 Nf6 6.Nc3 e6 7.Bd3 a6 8.f4 d6
9.Qf3 Be7 10.Be3 Qc7 11.O-O-O b5 12.Kb1 Bb7 13.a3 b4 14.axb4 Nxb4 15.g4 d5
16.g5 dxe4 17.Nxe4 Nxe4 18.Bxe4 Qxc2+  0-1

[Event "Oberwart op"]
[Site "Oberwart"]
[Date "1996.??.??"]
[Round "7"]
[White "Hamberger, Hermann"]
[Black "Horvath, Jozsef"]
[Result "0-1"]
[WhiteElo "2220"]
[BlackElo "2515"]

1.e4 c5 2.Nf3 Nc6 3.d4 cxd4 4.Nxd4 Qc7 5.g3 Qe5 6.Nf3 Qxe4+ 7.Be3 Nf6 8.c4 Ng4
9.Nc3 Nxe3 10.Nxe4 Nxd1 11.Rxd1 g6 12.Bg2 Bg7 13.Rd2 O-O 14.O-O b6 15.a3 d6
16.Ne1 Bb7 17.b3 Na5 18.Rd3 d5 19.Nd2 e6 20.Nef3 Rac8 21.Rd1 Ba6 22.Re3 dxc4
23.b4 Nc6 24.Ne4 Rfd8 25.Rb1 Ne7  0-1

[Event "RUS-chT"]
[Site "Orel"]
[Date "1996.??.??"]
[Round "?"]
[White "Rodin, Mihail"]
[Black "Sumaneev, D."]
[Result "1-0"]
[WhiteElo "2400"]
[BlackElo "2440"]

1.e4 c5 2.Nf3 Nc6 3.d4 cxd4 4.Nxd4 Qc7 5.Nc3 e6 6.Be3 a6 7.Bd3 Nf6 8.Qe2 Bd6
9.O-O-O Bf4 10.Kb1 Bxe3 11.Qxe3 d6 12.Nb3 Rb8 13.Be2 O-O 14.g4 b5 15.g5 Ne8
16.Bd3 Ne5 17.f4 Nxd3 18.Rxd3 Bb7 19.Rc1 f6 20.Nd4 Qe7 21.f5 b4 22.Nd1 exf5
23.exf5 Qxe3 24.Nxe3 Be4 25.Rd2 fxg5 26.Ne6 Rf6 27.Nxg5 Bxf5 28.Nd5 Rf8 29.Rf2 g6
30.Rcf1 Ng7 31.Ne4 Rb5 32.Ne7+ Kh8 33.Nxd6 Re5 34.Nc6 Rc5 35.Nxf5 Rxc6 36.Ne7  1-0

[Event "Polanica Zdroj op"]
[Site "Polanica Zdroj"]
[Date "1996.??.??"]
[Round "8"]
[White "Staniszewski, Piotr"]
[Black "Vokac, Marek"]
[Result "1/2-1/2"]
[WhiteElo "2420"]
[BlackElo "2455"]

1.e4 c5 2.Nf3 Nc6 3.d4 cxd4 4.Nxd4 Qb6 5.Nb3 Nf6 6.Nc3 e6 7.Bd3 Be7 8.O-O d6
9.Be3 Qc7 10.f4 a6 11.Qf3 O-O 12.a4 Nb4 13.a5 Bd7 14.Bb6 Qb8 15.Qg3 g6 16.Rf3 Bc6
17.Bd4 Nh5 18.Qf2 Nxd3 19.Rxd3  1/2-1/2

[Event "CZE-ch U18"]
[Site "Prague"]
[Date "1996.??.??"]
[Round "6"]
[White "Fikr, L."]
[Black "Kovac, Martin"]
[Result "1/2-1/2"]
[WhiteElo "1660"]
[BlackElo "1700"]

1.e4 c5 2.Nf3 Nc6 3.d4 cxd4 4.Nxd4 Qb6 5.Nb3 d6 6.Be3 Qc7 7.Nc3 a6 8.Be2 e6
9.O-O Nge7 10.Bf4 g6 11.Qxd6 Qxd6 12.Bxd6 Bg7 13.Rfd1 O-O 14.f4 f5 15.e5 Re8
16.Nd4 Nxd4 17.Rxd4 Nc6 18.Rd2 b5 19.Bf3 Bb7 20.Rad1 Rad8 21.Ne2 Rd7 22.Nd4 Nxd4
23.Bxb7 Rxb7 24.Rxd4 Rd8 25.Bb4 Rxd4 26.Rxd4 Kf7 27.Kf2 Ke8 28.Ba5 Rd7 29.Rxd7 Kxd7
30.Bb4 Kc6 31.Ke3 Kd5 32.g3 Kc4 33.Bd6 Kd5 34.Kd3 Bh6 35.h4 Bg7 36.a3 h6
37.b3 Kc6 38.Kd4 a5 39.c4 a4 40.b4 h5 41.Be7  1/2-1/2